00455 2200169 4500245008600000020001500086250001100101100001300112700001800125650003500143005001900178260002800197041001400225084001200239300002500251336000900276 aMetode Penelitian Administrasi b : Dilengkapi dengan Metode R&DcSugiyonohText a9798433025 acet 22 aSugiyono aApri Nuryanto aMetode Penelitian Administrasi a20240902172053 aBandungbALFABETAc2014 aIndonesia a351.072 ax, 390 hlm. ,24 cm : atext